=LDR 00000nam 2200000 4500 =001 INLIS000000000010168 =005 20250219011649 =035 ##$$a 0010-061300000010168 =008 250219################g##########0#ind## =041 ##$$a Ind =082 ##$$a 2x4.124 =090 ##$$a 2x4.124, Kha k =100 ##$$a Khatib, Al-,Muhammad Khalid =245 1#$$a Khutbah - khutbah Rasulullah /$c Muhammad Khalil Al-Khatib ; penerjemah, Suhardi Kathun =850 ##$$a NBPNMAT =084 ##$$a 2x4.124 KHA k =250 ##$$a cet.1 =260 ##$$a Jakarta :$b Darul Falah,$c 2001 =300 ##$$a xxvi, 395 hlm ; $c 24x15,5 cm =650 #4$$a Khutbah =020 ##$$a 9793036001 =990 ##$$a 10310154 =990 ##$$a 10310154